premier league teams best season ever - Statistics

General Stats
  • This quiz has been taken 19 times
  • The average score is 24 of 39
Answer Stats
season Answer % Correct
03/04 arsenal
95%
04\05 chelsea
95%
19\20 liverpool
84%
07\08 man u
84%
15/16 leicester
79%
96/97 newcastle
79%
92/93 aston villa
74%
17\18 man city
74%
18/19 wolves
74%
08/09 bolton
68%
00/01 leeds
68%
19/20 sheffield United
68%
15/16 southampton
68%
20/21 west ham
68%
21/22 brighton
63%
13/14 hull
63%
92/93 norwich
63%
92/93 qpr
63%
16/17 spurs
63%
12/13 stoke
63%
11/12 sunderland
63%
12/13 swansea
63%
94/95 blackburn
58%
17/18 burnley
58%
04/05 everton
58%
17/18 huddersfield
58%
93/94 nottingham forest
58%
07/08 portsmouth
58%
15/16 bournemouth
53%
01/02 ipswich
53%
07/08 reading
53%
12/13 West Brom
53%
9/10 Birmingham
47%
10/11 blackpool
47%
18/19 watford
47%
03/04 charlton
42%
02/03 middlesbrough
42%
06/07 wigan
37%
93/94 swindon
32%
No matching quizzes found
Score Distribution
Percent of People with Each Score
Percentile by Number Answered
Your Score History
You have not taken this quiz